ბათუმის შოთა რუსთაველის სახელმწიფო უნივერსიტეტის ბიბლიოთეკა

ჩანაწერი Personal Name

ჩანაწერთა რაოდენობა, რომელიც გამოყენებულია: 2

001 - CONTROL NUMBER

  • control field: 19581

003 - CONTROL NUMBER IDENTIFIER

  • control field: GE_BSU

005 - DATE AND TIME OF LATEST TRANSACTION

  • control field: 20230731145217.0

008 - FIXED-LENGTH DATA ELEMENTS

  • fixed length control field: 230731|| aca||aabn | a|a d

040 ## - CATALOGING SOURCE

  • Original cataloging agency: GE_BSU
  • Transcribing agency: GE_BSU

100 ## - HEADING--PERSONAL NAME

  • Personal name: Jasinska, A.
  • Dates associated with a name: by

670 ## - SOURCE DATA FOUND

  • Source citation: Work cat.: (GE_BSU)54592: Burkat, A. 19580, Hurra!!! Po Polsku : Student's Workbook, Vol. 2. A 2 :